Country Demonyms - Sudden Death - Statistics

General Stats
  • This quiz has been taken 651 times
  • The average score is 14 of 22
Answers on the Grid
Answers color-coded by a green-red scale on the quiz's grid according to % correct below.
Andorrian
Argentine
Australian
Canadian
Chilian
Chinese
Congoan
Cyprese
Filipino
Finnish
French
Germanian
Greek
Haitian
Indian
Italian
Libyan
Mexican
Monégasque
Mongolese
Moroccan
Norwegian
Pakistani
Panamanian
Peruvite
Saudese
Slovene
Swiss
Taiwanian
Thai
Turkish
Unitedstatesian
 
Answer Stats
Answer % Correct
Canadian
87%
Australian
85%
Chinese
81%
Greek
78%
Italian
78%
French
76%
Mexican
74%
Filipino
73%
Finnish
73%
Indian
73%
Norwegian
68%
Swiss
68%
Thai
68%
Turkish
68%
Moroccan
65%
Haitian
63%
Pakistani
62%
Libyan
55%
Argentine
51%
Monégasque
35%
Slovene
33%
Panamanian
32%
No matching quizzes found
Score Distribution
Percent of People with Each Score
Percentile by Number Answered
Your Score History
You have not taken this quiz